|
|
|
|
| LEADER |
00000nab a2200000 a 4500 |
| 001 |
vtls000246495 |
| 003 |
SK-MaSNL |
| 005 |
20260305023028.0 |
| 008 |
250422c1986 xo 0 slo |
| 015 |
|
|
|a SNBRB19rr/mm-uuuuu
|
| 035 |
|
|
|a CL0256609
|
| 035 |
|
|
|a urn:nbn:sk:snk-ab1ccf
|
| 035 |
|
|
|a (urnnbn)urn:nbn:sk:snk:ar-001y5b
|
| 035 |
|
|
|a (uuid)b5855efe-38ef-498c-9886-0ceba8ab0427
|
| 040 |
|
|
|a SNKBUCL
|b slo
|c SNKBUCL
|e AACR2
|
| 041 |
0 |
|
|a slo
|
| 044 |
|
|
|a xo
|c SK
|
| 080 |
|
|
|a 791.43(437.6)
|2 1981
|
| 100 |
1 |
|
|a Hrabovská, Katarína,
|d 1923-1992
|4 aut
|9 264404
|
| 245 |
1 |
0 |
|a Slané cukríky
|c Katarína Hrabovská ; Eva Štefankovičová, Zuzana Suchánková
|
| 300 |
|
|
|b Obr. 3.
|
| 500 |
|
|
|a /Námet a scenár Zuzana Suchánková, réžia Eva Štefankovičová./
|
| 650 |
0 |
7 |
|a Slané cukríky (film slovenský)
|2 snkbucl
|9 941690
|
| 655 |
|
7 |
|a články z novín a časopisov
|2 snkbucl
|9 267496
|
| 773 |
0 |
|
|t Film a divadlo
|g Roč. 30, č. 10 (1986), s. 22-23
|
| 850 |
|
|
|a Slovenská národná knižnica
|
| 852 |
|
|
|a Slovenská národná knižnica
|
| 954 |
|
|
|a odborná, vedecká literatúra pôvodná (slovenská)
|2 lita
|
| 958 |
|
|
|a article27
|
| 958 |
|
|
|a OND
|
| 958 |
|
|
|a RK
|
| 958 |
|
|
|a EUIPO
|
| 992 |
|
|
|a RBX
|
| 999 |
|
|
|c 3294113
|d 3296043
|